000 00347nam a2200133Ia 4500
005 20260326235446.0
008 260326s9999||||xx |||||||||||||| ||und||
100 _aWeiss, Joaquín E.
245 0 _aTechos Coloniales Cubanos /
_cJoaquín E. Weiss
260 _bArte y Literatura
300 _a161 p.
650 _aARQUITECTURA COLONIAL
942 _cBK
999 _c7600
_d7600